[Event "4th Sabbiadoro-Master 2018"]
[Site "Lignano Sabbiadoro"]
[Date "2018.08.05"]
[Round "9.10"]
[White "Prete, Alessandro"]
[Black "Mufic, Goran"]
[Result "1/2-1/2"]
[WhiteElo "2032"]
[BlackElo "2299"]
[Annotator "NA"]
[PlyCount "91"]
[EventDate "2018.07.29"]
[EventType "swiss"]
[EventCountry "ITA"]
[SourceTitle "playchess.com"]
[Source "ChessBase"]
[SourceQuality "1"]
[TimeControl "5400+30"]

1. e4 {[%emt 0:02:30]} c5 {[%emt 0:00:30]} 2. Nf3 {[%emt 0:00:30]} Nc6 {[%emt 0:00:00]} 3. Nc3 {[%emt 0:00:30]} g6 {[%emt 0:00:00]} 4. d4 {[%emt 0:00:30]} cxd4 {[%emt 0:00:00]} 5. Nxd4 {[%emt 0:00:30]} Bg7 {[%emt 0:00:00]} 6. Nb3 {[%emt 0:00:30]} Bxc3+ {[%emt 0:00:30]} 7. bxc3 {[%emt 0:00:00]} Nf6 {[%emt 0:00:00]} 8. Bd3 {[%emt 0:00:00]} d5 {[%emt 0:00:00]} 9. exd5 {[%emt 0:01:30]} Qxd5 {[%emt 0:00:00]} 10. O-O {[%emt 0:01:30]} Bg4 {[%emt 0:00:00]} 11. f3 {[%emt 0:02:30]} Bf5 {[%emt 0:00:00]} 12. c4 {[%emt 0:00:30]} Qd7 {[%emt 0:00:00]} 13. Bb2 {[%emt 0:00:30]} O-O {[%emt 0:03:30]} 14. Qe2 {[%emt 0:04:30]} Rad8 {[%emt 0:04:30]} 15. Rad1 {[%emt 0:02:30]} Rfe8 {[%emt 0:01:30]} 16. Be4 {[%emt 0:10:30]} Qc8 {[%emt 0:05:30]} 17. Bd5 {[%emt 0:03:30]} Nb4 {[%emt 0:03:30]} 18. Rd2 {[%emt 0:18:30]} Nbxd5 {[%emt 0:03:30]} 19. cxd5 {[%emt 0:02:30]} Rxd5 {[%emt 0:06:30]} 20. Rxd5 {[%emt 0:02:30]} Nxd5 {[%emt 0:00:00]} 21. Qe5 {[%emt 0:01:30]} Nf6 {[%emt 0:00:00]} 22. g4 {[%emt 0:00:30]} Bxg4 {[%emt 0:07:30]} 23. fxg4 {[%emt 0:00:30]} Qxg4+ {[%emt 0:00:00]} 24. Kh1 {[%emt 0:01:30]} Qe4+ {[%emt 0:00:00]} 25. Qxe4 {[%emt 0:06:30]} Nxe4 {[%emt 0:00:30]} 26. Kg2 {[%emt 0:05:30]} Rc8 {[%emt 0:00:30]} 27. Rc1 {[%emt 0:02:30]} Rc4 {[%emt 0:00:30]} 28. Kf3 {[%emt 0:00:30]} f5 {[%emt 0:03:30]} 29. Ke3 {[%emt 0:04:30]} Kf7 {[%emt 0:01:30]} 30. Nd2 {[%emt 0:06:23]} Rb4 {[%emt 0:02:30]} 31. Nxe4 {[%emt 0:00:40]} Rxb2 {[%emt 0:00:30]} 32. Nc3 {[%emt 0:00:05]} b5 {[%emt 0:00:00]} 33. a3 {[%emt 0:01:10]} a5 {[%emt 0:00:00]} 34. Kd3 {[%emt 0:01:11]} b4 {[%emt 0:04:30]} 35. axb4 {[%emt 0:00:15]} Rxb4 {[%emt 0:00:00]} 36. Nd5 {[%emt 0:02:28]} Rh4 {[%emt 0:03:00]} 37. c4 {[%emt 0:00:35]} e5 {[%emt 0:01:30]} 38. Nb6 {[%emt 0:00:41]} Rh3+ {[%emt 0:00:30]} 39. Kc2 {[%emt 0:03:56]} Ke7 {[%emt 0:05:30]} 40. c5 {[%emt 0:00:59]} Kd8 {[%emt 0:00:30]} 41. c6 {[%emt 0:00:44]} Kc7 {[%emt 0:00:30]} 42. Kb2 {[%emt 0:01:55]} Rd3 {[%emt 0:11:30]} 43. Na8+ {[%emt 0:00:18]} Kc8 {[%emt 0:00:00]} 44. Nb6+ {[%emt 0:00:07]} Kc7 {[%emt 0:00:00]} 45. Na8+ {[%emt 0:00:26]} Kc8 {[%emt 0:00:30]} 46. Nb6+ {[%emt 0:00:27]} 1/2-1/2